|
|
|
|
| LEADER |
01647nam a22003617a 4500 |
| 001 |
36118 |
| 003 |
BD-DhAAL |
| 005 |
20250626123010.0 |
| 008 |
191103t1998 nyua|||| |||| 001 0 eng d |
| 020 |
|
|
|a 9780022443658
|
| 020 |
|
|
|a 0022443657
|
| 082 |
|
|
|a 372.6
|
| 100 |
|
|
|a McCallum, Ann,
|d 1965-
|9 36624
|
| 245 |
|
|
|a Language arts today /
|c Ann McCallum; William Strong and Tina Thoburn
|
| 246 |
|
|
|a McGraw-Hill language arts today
|
| 250 |
|
|
|a Classic edition
|
| 260 |
|
|
|a New York :
|b McGraw-Hill School Division,
|c ©1998.
|
| 300 |
|
|
|a xviii, 362 pages :
|b color illustrations ;
|c 24 cm.
|
| 500 |
|
|
|a Includes index
|
| 541 |
|
|
|a Complimentary copy from BIED
|e 36118, 35992
|
| 650 |
|
|
|a Language arts (Primary).
|9 36625
|
| 650 |
|
|
|a English language
|x Study and teaching (Elementary).
|9 36626
|
| 650 |
|
|
|a English language
|x Study and teaching (Primary).
|9 36627
|
| 650 |
|
|
|a English language
|x Study and teaching.
|
| 650 |
|
|
|a Social science.
|9 36631
|
| 700 |
|
|
|a Strong, William,
|d 1940-
|9 36628
|
| 700 |
|
|
|a Thoburn, Tina
|9 36629
|
| 710 |
|
|
|a McGraw-Hill Companies.
|9 36630
|
| 852 |
|
|
|a Ayesha Abed Library
|c BIED Collection
|
| 942 |
|
|
|2 ddc
|c BK
|
| 999 |
|
|
|c 41702
|d 41702
|
| 952 |
|
|
|0 0
|1 0
|2 ddc
|4 0
|6 372_600000000000000_MCC
|7 0
|9 66967
|a BRACUL
|b BRACUL
|c GEN
|d 2019-11-03
|e Complimentary copy from BIED
|l 0
|o 372.6 MCC
|p 3010036118
|r 2019-11-03
|t 1
|w 2019-11-03
|y BK
|x Transferred from BIED to General Stacks
|
| 952 |
|
|
|0 0
|1 0
|2 ddc
|4 0
|6 372_600000000000000_MCC
|7 0
|9 67445
|a BRACUL
|b BRACUL
|c GEN
|d 2019-12-12
|e Complimentary copy from BIED
|l 1
|m 30
|o 372.6 MCC
|p 3010035992
|r 2024-05-19
|s 2023-09-10
|t 1
|w 2019-12-12
|y BK
|x Transferred from BIED to General Stacks
|